00376pab a2200121 454500008004000000100001300040245009700053260000900150300001100159362001200170650003800182773003400220180718b1988 xxu||||| |||| 00| 0 eng d aNath, V. aRegional planning for large metropolitan citiesbA case study of the National Capital Region c1988 a201-14 a30 Jan. aRegional Planning - India - Delhi aEconomic and Political Weekly